[Event "New Zealand Open Ch'p 2015"]
[Site "Devonport, Auckland"]
[Date "2015.01.01"]
[Round "1.29"]
[White "Brockman, Roland"]
[Black "Schmitz, Andreas Arnold"]
[Result "0-1"]
[WhiteElo "1652"]
[BlackElo "2066"]
[PlyCount "80"]
[EventDate "2015.01.01"]
[EventType "swiss"]
[EventRounds "9"]
[SourceDate "2015.01.01"]

1. d4 d5 2. Nf3 Nf6 3. e3 Bg4 4. c4 dxc4 5. Bxc4 e6 6. Nc3 a6 7. h3 Bh5 8. g4
Bg6 9. Ne5 Bd6 10. Nxg6 hxg6 11. Bf1 Nbd7 12. Bg2 c6 13. O-O g5 14. e4 Bf4 15.
Bxf4 gxf4 16. e5 Nh7 17. Ne4 Ng5 18. Nxg5 Qxg5 19. Qb3 O-O-O 20. Rac1 Nb8 21.
Qb6 Qe7 22. Rc3 Qc7 23. Qb4 Rd7 24. d5 exd5 25. Qxf4 Re7 26. Qf5+ Nd7 27. f4
Qb6+ 28. Rf2 Kb8 29. Rb3 Qa5 30. a3 f6 31. exf6 Nxf6 32. g5 Nd7 33. Rff3 Rhe8
34. Kh2 Nc5 35. Rbc3 Ne4 36. Rce3 Qc5 37. b4 Qd6 38. Bf1 Nd2 39. Rg3 Nxf1+ 40.
Kg2 Nxe3+ 0-1

[Event "New Zealand Open Ch'p 2015"]
[Site "Devonport, Auckland"]
[Date "2015.01.01"]
[Round "1.30"]
[White "Lee, Edward"]
[Black "Holdo, Karl"]
[Result "1-0"]
[WhiteElo "2061"]
[BlackElo "1606"]
[PlyCount "59"]
[EventDate "2015.01.01"]
[EventType "swiss"]
[EventRounds "9"]
[SourceDate "2015.01.01"]

1. e4 c6 2. d4 d5 3. f3 e6 4. Nc3 Bd6 5. e5 Bb4 6. Be3 Nd7 7. Nge2 Ne7 8. a3
Nf5 9. Bf2 Be7 10. Ng3 O-O 11. Bd3 Nh4 12. O-O Ng6 13. Nh5 c5 14. f4 cxd4 15.
Bxd4 Bc5 16. Bxc5 Nxc5 17. Kh1 Nxd3 18. Qxd3 Qh4 19. Qf3 Bd7 20. Rad1 Bc6 21.
Qe2 Rad8 22. Rd4 a6 23. Rfd1 Qe7 24. b4 Kh8 25. R1d3 f6 26. exf6 gxf6 27. Re3
Rd6 28. f5 Ne5 29. Rxe5 fxe5 30. Qxe5+ 1-0

[Event "New Zealand Open Ch'p 2015"]
[Site "Devonport, Auckland"]
[Date "2015.01.01"]
[Round "1.31"]
[White "Zhang, Jasmine"]
[Black "Duneas, John"]
[Result "0-1"]
[WhiteElo "1594"]
[BlackElo "2054"]
[PlyCount "146"]
[EventDate "2015.01.01"]
[EventType "swiss"]
[EventRounds "9"]
[SourceDate "2015.01.01"]

1. d4 d5 2. c4 c6 3. cxd5 cxd5 4. Nc3 Nf6 5. Bf4 Nc6 6. e3 a6 7. Bd3 Qb6 8. Qd2
e6 9. Nf3 Ne4 10. Bxe4 dxe4 11. Ne5 Nxe5 12. Bxe5 f6 13. Bg3 Bb4 14. O-O Bd7
15. Qc2 f5 16. Qb3 Ba5 17. Qxb6 Bxb6 18. Rfd1 Ba5 19. Rac1 Rc8 20. a3 Kf7 21.
Be5 Bc6 22. h3 Rhd8 23. g3 g5 24. Kh2 Bd5 25. Nxd5 exd5 26. Kg2 b5 27. b4 Bb6
28. Kf1 Ke6 29. Ke2 Rc4 30. Rxc4 dxc4 31. Kd2 Kd5 32. Kc2 Rd7 33. Rb1 Bc7 34.
Bxc7 Rxc7 35. Kc3 Rf7 36. Ra1 f4 37. gxf4 gxf4 38. Rg1 fxe3 39. fxe3 Rf3 40.
Rg5+ Kd6 41. Kd2 Rxh3 42. Re5 c3+ 43. Kxc3 Rxe3+ 44. Kb2 Re2+ 45. Kc3 Re3+ 46.
Kb2 Re1 47. Kc2 e3 48. Kc3 e2 49. Kd2 Ra1 50. Kxe2 Rxa3 51. Rh5 Rb3 52. Rxh7
Kd5 53. Rh6 Rxb4 54. Rxa6 Rxd4 55. Ke3 Rc4 56. Kd3 Kc5 57. Ra8 Kb4 58. Rb8 Rc6
59. Rb7 Ka4 60. Ra7+ Kb3 61. Rb7 Rd6+ 62. Ke2 b4 63. Rb8 Kc3 64. Rb7 b3 65.
Rc7+ Kb2 66. Rb7 Kc2 67. Rc7+ Kb1 68. Rb7 b2 69. Ke1 Rd4 70. Rb8 Kc2 71. Rc8+
Kb3 72. Rb8+ Rb4 73. Rxb4+ Kxb4 0-1

[Event "New Zealand Open Ch'p 2015"]
[Site "Devonport, Auckland"]
[Date "2015.01.01"]
[Round "1.32"]
[White "Huang, Alex"]
[Black "Laughland, Alexander"]
[Result "1/2-1/2"]
[WhiteElo "2035"]
[BlackElo "1873"]
[PlyCount "125"]
[EventDate "2015.01.01"]
[EventType "swiss"]
[EventRounds "9"]
[SourceDate "2015.01.01"]

1. e4 d6 2. d4 Nf6 3. Nc3 g6 4. f4 Nbd7 5. e5 dxe5 6. fxe5 Ng8 7. Nf3 Bg7 8.
Bc4 e6 9. Bg5 Ne7 10. Qd2 h6 11. Bf4 Nb6 12. Bb3 Nbd5 13. Nxd5 Nxd5 14. Bg3 c6
15. O-O O-O 16. c4 Ne7 17. Bh4 g5 18. Bf2 Nf5 19. g4 Ne7 20. h4 f5 21. exf6
Bxf6 22. hxg5 hxg5 23. Rad1 Ng6 24. Be3 Qd6 25. Bxg5 Bxg5 26. Nxg5 Rxf1+ 27.
Kxf1 Bd7 28. Ne4 Rf8+ 29. Kg2 Nf4+ 30. Kh1 Qe7 31. Qh2 Rf7 32. Kg1 e5 33. c5
Be6 34. g5 Bd5 35. Nf6+ Rxf6 36. Bxd5+ cxd5 37. gxf6 Qxf6 38. Kh1 Qf5 39. Qg3+
Kf7 40. Re1 Qh5+ 41. Kg1 Ne2+ 42. Rxe2 Qxe2 43. Qf2+ Qxf2+ 44. Kxf2 e4 45. b4
Ke6 46. a4 Kd7 47. Ke3 b6 48. b5 Kc7 49. Kf4 bxc5 50. dxc5 Kb7 51. Ke3 a6 52.
c6+ Kb6 53. Kd4 axb5 54. axb5 Kc7 55. Kc5 e3 56. b6+ Kc8 57. Kd6 e2 58. b7+ Kb8
59. c7+ Kxb7 60. Kd7 e1=Q 61. c8=Q+ Ka7 62. Qc5+ Ka6 63. Qxd5 1/2-1/2

[Event "New Zealand Open Ch'p 2015"]
[Site "Devonport, Auckland"]
[Date "2015.01.01"]
[Round "1.33"]
[White "Yan, Caroline"]
[Black "Goodhue, Nathan"]
[Result "0-1"]
[WhiteElo "1557"]
[BlackElo "2020"]
[PlyCount "110"]
[EventDate "2015.01.01"]
[EventType "swiss"]
[EventRounds "9"]
[SourceDate "2015.01.01"]

1. d4 e6 2. c4 f5 3. Nc3 d5 4. cxd5 exd5 5. Nf3 c6 6. Bf4 Nf6 7. e3 Bd6 8. Be5
O-O 9. Bd3 Ne4 10. O-O Bxe5 11. Nxe5 Nd7 12. Nxd7 Qxd7 13. Rc1 Qd6 14. Qe2 Bd7
15. f3 Ng5 16. Qf2 Ne6 17. f4 Nc7 18. Rfe1 Rae8 19. Rc2 Qh6 20. Ne2 Re7 21. Ng3
g6 22. a3 Ne8 23. h3 g5 24. Rce2 Nd6 25. fxg5 Qxg5 26. Qf4 Qg6 27. Rf1 Rfe8 28.
Qf2 Qg5 29. Qf4 Qxf4 30. exf4 Re3 31. Rf3 Rxf3 32. Rxe8+ Nxe8 33. gxf3 Ng7 34.
Kf2 Kf7 35. Ke2 Ke6 36. Bc2 Kd6 37. b4 b6 38. Ba4 Bc8 39. h4 c5 40. Kd3 a6 41.
Bc2 Bd7 42. Kc3 Bc8 43. Bb3 Bd7 44. Bc2 cxb4+ 45. Kxb4 a5+ 46. Kc3 b5 47. Bd3
Kc6 48. Bc2 Kd6 49. Bd3 Ke6 50. Kd2 Kf6 51. Ke2 Ne6 52. Ke3 Nc7 53. Bc2 Na8 54.
Kd3 Nb6 55. Bb3 Bc6 0-1

[Event "New Zealand Open Ch'p 2015"]
[Site "Devonport, Auckland"]
[Date "2015.01.01"]
[Round "1.34"]
[White "Krstev, Antonio"]
[Black "Maris, Fred A"]
[Result "1-0"]
[WhiteElo "2012"]
[BlackElo "1519"]
[PlyCount "83"]
[EventDate "2015.01.01"]
[EventType "swiss"]
[EventRounds "9"]
[SourceDate "2015.01.01"]

1. d4 d5 2. c4 c6 3. Nc3 Nf6 4. Nf3 a6 5. e3 g6 6. a4 a5 7. Ne5 e6 8. f4 Nbd7
9. Bd3 dxc4 10. Bxc4 Nb6 11. Be2 Nbd5 12. O-O Bg7 13. Bf3 O-O 14. e4 Ne7 15.
Be3 Nd7 16. Nc4 Nb6 17. Na3 Qc7 18. Qc2 Bd7 19. Rac1 Qd8 20. Qb3 Nec8 21. Rfd1
Qe7 22. d5 Qb4 23. Qa2 exd5 24. exd5 Nxd5 25. Nc2 Nxc3 26. bxc3 Qe7 27. Qb2 Be6
28. Rb1 Bf5 29. Bf2 Bxc2 30. Qxc2 Rb8 31. Bxc6 Qc7 32. Bf3 b6 33. Rd3 Rd8 34.
Rbd1 Rxd3 35. Qxd3 Ne7 36. Qd7 Qxd7 37. Rxd7 Nf5 38. g4 Nh6 39. Rc7 Kf8 40. Bd5
f6 41. h3 b5 42. Bc5+ 1-0

[Event "New Zealand Open Ch'p 2015"]
[Site "Devonport, Auckland"]
[Date "2015.01.01"]
[Round "1.35"]
[White "Picken, Oliver"]
[Black "Ang, Alphaeus Wei Ern"]
[Result "0-1"]
[WhiteElo "1505"]
[BlackElo "2009"]
[PlyCount "48"]
[EventDate "2015.01.01"]
[EventType "swiss"]
[EventRounds "9"]
[SourceDate "2015.01.01"]

1. e4 Nc6 2. d4 d5 3. e5 Bf5 4. Nf3 e6 5. h3 a6 6. c4 f6 7. Nc3 Nb4 8. Qa4+ c6
9. exf6 Nc2+ 10. Ke2 Nxa1 11. f7+ Kxf7 12. Ne5+ Ke8 13. cxd5 Bc2 14. Qc4 exd5
15. Nxc6 dxc4 16. Nxd8 Rxd8 17. Ke3 Bg6 18. Bxc4 Nc2+ 19. Kf3 Nxd4+ 20. Kg3
Bd6+ 21. f4 Ne7 22. Re1 Bf7 23. Nd5 b5 24. Nxe7 Bxe7 0-1

[Event "New Zealand Open Ch'p 2015"]
[Site "Devonport, Auckland"]
[Date "2015.01.01"]
[Round "1.36"]
[White "Bennett, Hilton P"]
[Black "Nylund, Benjamin"]
[Result "1-0"]
[WhiteElo "2009"]
[BlackElo "1453"]
[PlyCount "35"]
[EventDate "2015.01.01"]
[EventType "swiss"]
[EventRounds "9"]
[SourceDate "2015.01.01"]

1. e4 c5 2. Nc3 Nc6 3. f4 g6 4. Nf3 Bg7 5. Bb5 Nd4 6. Bd3 e6 7. Nxd4 Bxd4 8.
Nb5 Ne7 9. Nd6+ Kf8 10. e5 Nc6 11. Qe2 Kg7 12. c3 Nb4 13. cxd4 Nxd3+ 14. Qxd3
b6 15. O-O a5 16. Qg3 Ba6 17. d3 cxd4 18. f5 1-0

[Event "New Zealand Open Ch'p 2015"]
[Site "Devonport, Auckland"]
[Date "2015.01.01"]
[Round "1.37"]
[White "Li, Rodney Xiang Rei"]
[Black "Fuatai, Fuatai"]
[Result "0-1"]
[WhiteElo "1452"]
[BlackElo "2004"]
[PlyCount "84"]
[EventDate "2015.01.01"]
[EventType "swiss"]
[EventRounds "9"]
[SourceDate "2015.01.01"]

1. e4 c5 2. Nf3 d6 3. d4 cxd4 4. Nxd4 Nf6 5. Nc3 a6 6. Bg5 e6 7. f4 Be7 8. Qf3
h6 9. Bh4 g5 10. fxg5 Nh7 11. O-O-O hxg5 12. Bf2 Nd7 13. Bd3 Ne5 14. Qg3 Nf6
15. h4 Nh5 16. hxg5 Nxg3 17. Rxh8+ Bf8 18. Be3 Bd7 19. Rh3 Nxd3+ 20. Rxd3 e5
21. Rxg3 exd4 22. Bxd4 Be6 23. g6 fxg6 24. Rxg6 Bf7 25. Rf6 Be7 26. Rff3 Be6
27. e5 d5 28. Be3 Qa5 29. Rf1 O-O-O 30. Rg1 d4 31. Rxd4 Rxd4 32. Bxd4 Bc5 33.
Bxc5 Qxc5 34. Re1 Qf2 35. Re2 Qf4+ 36. Kd1 Bg4 37. e6 Bxe2+ 38. Nxe2 Qd6+ 39.
Ke1 Qxe6 40. Kd2 Qxa2 41. b3 Qa5+ 42. Kc1 Qe1+ 0-1

[Event "New Zealand Open Ch'p 2015"]
[Site "Devonport, Auckland"]
[Date "2015.01.01"]
[Round "1.38"]
[White "Forster, William F"]
[Black "Turner, Justin"]
[Result "0-1"]
[WhiteElo "1999"]
[BlackElo "1434"]
[PlyCount "40"]
[EventDate "2015.01.01"]
[EventType "swiss"]
[EventRounds "9"]
[SourceDate "2015.01.01"]

1. Nf3 Nf6 2. b3 e6 3. Bb2 Bc5 4. d4 Bb6 5. e3 d5 6. Bd3 O-O 7. Nbd2 c5 8. O-O
cxd4 9. Nxd4 e5 10. Nb5 a6 11. Na3 Nc6 12. Be2 Bf5 13. c4 d4 14. exd4 Bxd4 15.
Bxd4 exd4 16. Re1 Qa5 17. Qc1 Nb4 18. Qb2 Nc2 19. b4 Qxa3 20. Rab1 Qxb2 0-1

[Event "New Zealand Open Ch'p 2015"]
[Site "Devonport, Auckland"]
[Date "2015.01.01"]
[Round "1.39"]
[White "Wei, Louie"]
[Black "Lim, Benjamin U"]
[Result "0-1"]
[WhiteElo "1423"]
[BlackElo "1996"]
[PlyCount "74"]
[EventDate "2015.01.01"]
[EventType "swiss"]
[EventRounds "9"]
[SourceDate "2015.01.01"]

1. d4 Nf6 2. f4 d5 3. Nf3 e6 4. e3 c5 5. c3 Ne4 6. Bd3 f5 7. Nbd2 Be7 8. O-O
O-O 9. Ne5 Nxd2 10. Bxd2 Nd7 11. Qh5 Rf6 12. Ng4 Rg6 13. Ne5 Nxe5 14. fxe5 Bd7
15. Rf2 Bh4 16. Rf4 Bg5 17. Rf2 Bh4 18. Rf4 Be7 19. Raf1 Bg5 20. R4f2 Bh4 21.
Rf4 Rh6 22. Qe2 g5 23. R4f3 g4 24. Rf4 Bg5 25. R4f2 Rg6 26. g3 Be7 27. Kg2 h5
28. Kg1 Kg7 29. Kg2 h4 30. Rh1 h3+ 31. Kg1 Qa5 32. Bb1 Qb6 33. Bc1 Rc8 34. Kf1
Bg5 35. Ke1 cxd4 36. Qd3 Bb5 37. Qc2 dxe3 0-1

[Event "New Zealand Open Ch'p 2015"]
[Site "Devonport, Auckland"]
[Date "2015.01.01"]
[Round "1.40"]
[White "Macdonald, Paul"]
[Black "Wang, Aaron Ziwen"]
[Result "1-0"]
[WhiteElo "1983"]
[BlackElo "1409"]
[PlyCount "81"]
[EventDate "2015.01.01"]
[EventType "swiss"]
[EventRounds "9"]
[SourceDate "2015.01.01"]

1. d4 Nf6 2. c4 g6 3. Nc3 Bg7 4. e4 d6 5. f4 O-O 6. Nf3 c5 7. d5 Nbd7 8. Bd3
Nb6 9. O-O Ne8 10. f5 Nf6 11. Bg5 h6 12. Bf4 Ng4 13. Qd2 Bd7 14. h3 Ne5 15.
Nxe5 Bxe5 16. Bxe5 dxe5 17. Qxh6 Qe8 18. fxg6 fxg6 19. Rxf8+ Qxf8 20. Qxg6+ Qg7
21. Qxg7+ Kxg7 22. Rf1 Rh8 23. Nd1 Be8 24. Ne3 Bg6 25. Nf5+ Bxf5 26. Rxf5 Nd7
27. Bc2 Kg6 28. Ba4 Rd8 29. Bxd7 Rxd7 30. Rxe5 Kf6 31. Re6+ Kg5 32. Kf2 Rc7 33.
Kf3 Rd7 34. h4+ Kh5 35. Kf4 Rd6 36. g4+ Kxh4 37. Rxd6 exd6 38. Kf5 a6 39. g5 b6
40. g6 a5 41. g7 1-0

[Event "New Zealand Open Ch'p 2015"]
[Site "Devonport, Auckland"]
[Date "2015.01.01"]
[Round "1.41"]
[White "Nylund, Timothy"]
[Black "Gunawan, Boy Reinhard"]
[Result "0-1"]
[WhiteElo "1405"]
[BlackElo "1980"]
[PlyCount "60"]
[EventDate "2015.01.01"]
[EventType "swiss"]
[EventRounds "9"]
[SourceDate "2015.01.01"]

1. d4 d5 2. c4 c6 3. Nc3 Nf6 4. g3 e6 5. Bg2 Be7 6. Nf3 O-O 7. O-O dxc4 8. e4
b5 9. e5 Nd5 10. Rb1 a6 11. Ne4 Bb7 12. Qc2 Nb4 13. Qc3 Nxa2 14. Qd2 h6 15. b4
cxb3 16. Rxb3 Nxc1 17. Rxc1 Nd7 18. Nd6 Bxd6 19. exd6 Nf6 20. Ne5 Qxd6 21. Nxc6
Rac8 22. Na7 Rxc1+ 23. Qxc1 Bxg2 24. Kxg2 Qxd4 25. Nc6 Qe4+ 26. Rf3 Ng4 27. Qc5
Nxh2 28. Ne7+ Kh7 29. Ng6 Qxf3+ 30. Kxh2 fxg6 0-1

[Event "New Zealand Open Ch'p 2015"]
[Site "Devonport, Auckland"]
[Date "2015.01.01"]
[Round "1.42"]
[White "Zhu, Leo Lei"]
[Black "Yan, Sarah"]
[Result "1-0"]
[WhiteElo "1978"]
[BlackElo "1390"]
[PlyCount "81"]
[EventDate "2015.01.01"]
[EventType "swiss"]
[EventRounds "9"]
[SourceDate "2015.01.01"]

1. e4 e6 2. d4 d5 3. Nc3 Bb4 4. e5 c5 5. a3 Bxc3+ 6. bxc3 Ne7 7. Qg4 O-O 8. Ne2
Nbc6 9. Bg5 Qb6 10. Bf6 Ng6 11. h4 gxf6 12. exf6 e5 13. Qg5 Nd8 14. dxe5 Ne6
15. Qg3 h5 16. f4 Kh7 17. f5 Rg8 18. Qf3 Kh6 19. Ng3 Ngf4 20. fxe6 Rg4 21. Nxh5
Kxh5 22. Be2 Bxe6 23. Qxf4 Rag8 24. Kd2 Qc7 25. Bxg4+ Bxg4 26. Rae1 Be6 27. g3
d4 28. cxd4 cxd4 29. Qf3+ Bg4 30. Qd3 Kh6 31. Rhf1 Qa5+ 32. Kc1 Qc3 33. Qxc3
dxc3 34. Kb1 Rc8 35. Re3 Rc5 36. Rf4 Kh5 37. Rxg4 Kxg4 38. Ka2 Rc6 39. Kb3 b5
40. Rxc3 Rxc3+ 41. Kxc3 1-0

[Event "New Zealand Open Ch'p 2015"]
[Site "Devonport, Auckland"]
[Date "2015.01.01"]
[Round "1.43"]
[White "Holdaway, Steven"]
[Black "Rains, Edward"]
[Result "0-1"]
[WhiteElo "1387"]
[BlackElo "1973"]
[PlyCount "50"]
[EventDate "2015.01.01"]
[EventType "swiss"]
[EventRounds "9"]
[SourceDate "2015.01.01"]

1. e4 c5 2. Nf3 g6 3. d3 Bg7 4. g3 d6 5. Bg2 Nc6 6. O-O Nf6 7. Nbd2 O-O 8. Nh4
e5 9. f4 exf4 10. Rxf4 g5 11. Rxf6 Qxf6 12. Nhf3 Bg4 13. Nc4 Nd4 14. Kf2 Bxf3
15. Bxf3 g4 16. Nxd6 Nxf3 17. Nf5 Qb6 18. Be3 Rfe8 19. h3 Nd4 20. Qxg4 Nxf5 21.
exf5 Qxb2 22. Re1 Qxc2+ 23. Re2 Qc3 24. d4 cxd4 25. Bxd4 Qxd4+ 0-1

[Event "New Zealand Open Ch'p 2015"]
[Site "Devonport, Auckland"]
[Date "2015.01.01"]
[Round "1.44"]
[White "Milligan, Helen"]
[Black "Braganza, Nadia"]
[Result "1-0"]
[WhiteElo "1968"]
[BlackElo "1334"]
[PlyCount "73"]
[EventDate "2015.01.01"]
[EventType "swiss"]
[EventRounds "9"]
[SourceDate "2015.01.01"]

1. e4 e5 2. Nf3 Nf6 3. Nxe5 d6 4. Nf3 Bg4 5. d3 Nbd7 6. Be2 Be7 7. Nc3 O-O 8.
O-O c6 9. h3 Bxf3 10. Bxf3 Qc7 11. Bf4 Ne5 12. Re1 Nxf3+ 13. Qxf3 Qb6 14. Rab1
Qd4 15. Be3 Qe5 16. d4 Qh5 17. Qxh5 Nxh5 18. e5 Rad8 19. g4 dxe5 20. dxe5 Bb4
21. gxh5 Rd5 22. Nxd5 Bxe1 23. Ne7+ Kh8 24. Rxe1 Re8 25. Rd1 h6 26. Rd7 Rb8 27.
Bxa7 Re8 28. f4 Ra8 29. Rxb7 Re8 30. f5 Rd8 31. e6 Rd1+ 32. Kf2 fxe6 33. fxe6
Rd2+ 34. Ke3 Rxc2 35. Ng6+ Kh7 36. Bd4 Rg2 37. Rxg7# 1-0

[Event "New Zealand Open Ch'p 2015"]
[Site "Devonport, Auckland"]
[Date "2015.01.01"]
[Round "1.45"]
[White "Nylund, Micah"]
[Black "Schmitz, Manuela"]
[Result "0-1"]
[WhiteElo "1200"]
[BlackElo "1966"]
[PlyCount "32"]
[EventDate "2015.01.01"]
[EventType "swiss"]
[EventRounds "9"]
[SourceDate "2015.01.01"]

1. e4 e6 2. d4 d5 3. Bd3 dxe4 4. Bxe4 Nf6 5. Bf3 c5 6. Ne2 Be7 7. Be3 Na6 8.
Nbc3 cxd4 9. Bxd4 O-O 10. Qd2 Qa5 11. O-O-O e5 12. Be3 Rd8 13. b4 Qa3+ 14. Kb1
Rxd2 15. Rxd2 Be6 16. Rhd1 h6 0-1

[Event "New Zealand Open Ch'p 2015"]
[Site "Devonport, Auckland"]
[Date "2015.01.01"]
[Round "1.46"]
[White "Hair, Philip I"]
[Black "Mallela, Raivath"]
[Result "1-0"]
[WhiteElo "1941"]
[BlackElo "1190"]
[PlyCount "55"]
[EventDate "2015.01.01"]
[EventType "swiss"]
[EventRounds "9"]
[SourceDate "2015.01.01"]

1. e4 c5 2. Nc3 e6 3. g3 Nc6 4. Bg2 Nf6 5. d3 Be7 6. Nge2 O-O 7. O-O d6 8. h3
a6 9. Be3 Qc7 10. f4 Bd7 11. f5 exf5 12. exf5 Rfd8 13. g4 h6 14. Nf4 Nh7 15.
Ncd5 Qb8 16. Qe1 Bf8 17. Qf2 Ne5 18. Rae1 Bc6 19. f6 gxf6 20. Nh5 Nd7 21.
Nhxf6+ Nhxf6 22. Nxf6+ Nxf6 23. Qxf6 Qc7 24. Bxh6 Bxh6 25. Qxh6 Bxg2 26. Qg5+
Kf8 27. Qf6 Kg8 28. Rf5 1-0

[Event "New Zealand Open Ch'p 2015"]
[Site "Devonport, Auckland"]
[Date "2015.01.01"]
[Round "1.47"]
[White "McRae, John H"]
[Black "Jule, Alexandra"]
[Result "0-1"]
[WhiteElo "1133"]
[BlackElo "1939"]
[PlyCount "100"]
[EventDate "2015.01.01"]
[EventType "swiss"]
[EventRounds "9"]
[SourceDate "2015.01.01"]

1. d4 d5 2. e3 Nf6 3. Nc3 c5 4. dxc5 e6 5. Bd3 Nc6 6. Nge2 Bxc5 7. O-O O-O 8.
Bd2 a6 9. a3 Qe7 10. Nf4 Rd8 11. Rc1 e5 12. Nh5 Nxh5 13. Qxh5 g6 14. Qd1 e4 15.
Be2 Ne5 16. b4 Ba7 17. Nb1 Bb8 18. g3 Bh3 19. Re1 Qd7 20. Bc3 Re8 21. Qd4 Bg4
22. Nd2 Bxe2 23. Rxe2 Qf5 24. f4 exf3 25. Rf2 Ba7 26. Qf4 Qxf4 27. gxf4 Ng4 28.
Rxf3 Nxe3 29. Kh1 Rac8 30. Be5 Re6 31. Nb3 Nc4 32. Nc5 Bxc5 33. bxc5 Nxe5 34.
fxe5 Rxc5 35. Rcf1 Rc7 36. c3 Rxe5 37. Kg1 Re4 38. Kf2 Rec4 39. Ke3 Rxc3+ 40.
Kd4 Rxf3 41. Rxf3 Rd7 42. Rf6 Kg7 43. Rb6 g5 44. h3 h5 45. a4 f6 46. Re6 Kg6
47. Re8 Kf5 48. Rh8 h4 49. Rf8 Rc7 50. Kxd5 Rc3 0-1

[Event "New Zealand Open Ch'p 2015"]
[Site "Devonport, Auckland"]
[Date "2015.01.01"]
[Round "1.48"]
[White "Li, William Xiang Wei"]
[Black "Meng, Richard"]
[Result "1-0"]
[WhiteElo "1935"]
[BlackElo "1106"]
[PlyCount "109"]
[EventDate "2015.01.01"]
[EventType "swiss"]
[EventRounds "9"]
[SourceDate "2015.01.01"]

1. e4 e5 2. Nf3 Nc6 3. Bb5 a6 4. Ba4 Nf6 5. d3 Bc5 6. O-O h6 7. Bxc6 dxc6 8.
Nxe5 O-O 9. Nf3 Bg4 10. h3 Bh5 11. Bf4 Re8 12. Nbd2 Bxf3 13. Nxf3 Qe7 14. Re1
Rad8 15. Qe2 Qf8 16. Bxc7 Rd7 17. Be5 Re6 18. d4 Bxd4 19. Bxd4 Rxe4 20. Qc4 Rf4
21. Qc5 Qd8 22. Bxf6 Rxf6 23. Qe3 Re6 24. Qc3 Rf6 25. Re2 Rd1+ 26. Rxd1 Qxd1+
27. Qe1 Qd7 28. Re7 Qd5 29. Qe4 Qxe4 30. Rxe4 Rd6 31. Re7 b5 32. Ra7 c5 33.
Ra8+ Kh7 34. Kf1 c4 35. Ke2 b4 36. Rc8 c3 37. bxc3 bxc3 38. Rxc3 f6 39. Rd3 Rb6
40. c4 Kg6 41. c5 Rc6 42. Rc3 Kf7 43. Nd4 Rc7 44. Kd3 Ke8 45. Kc4 Kd7 46. c6+
Kd6 47. Re3 Rf7 48. Re6+ Kc7 49. Kc5 f5 50. Rd6 a5 51. Ne6+ Kb8 52. Rd8+ Ka7
53. Rd7+ Rxd7 54. cxd7 Kb7 55. d8=Q 1-0

[Event "New Zealand Open Ch'p 2015"]
[Site "Devonport, Auckland"]
[Date "2015.01.01"]
[Round "1.49"]
[White "Steadman, Mathew"]
[Black "Timergazi, Layla"]
[Result "0-1"]
[WhiteElo "1103"]
[BlackElo "1932"]
[PlyCount "60"]
[EventDate "2015.01.01"]
[EventType "swiss"]
[EventRounds "9"]
[SourceDate "2015.01.01"]

1. e4 c6 2. d4 d5 3. exd5 cxd5 4. Bd3 Nc6 5. c3 Nf6 6. Bf4 Bg4 7. Qb3 Qc8 8.
Nd2 e6 9. Ngf3 Be7 10. O-O O-O 11. Ne5 Bh5 12. Ndf3 Bxf3 13. Nxf3 a6 14. Ne5 b5
15. Qc2 b4 16. Rac1 Qb7 17. Rb1 Rfc8 18. Rfc1 Nxd4 19. Qa4 Nc6 20. Nxc6 Qxc6
21. cxb4 Qxa4 22. b3 Qxb4 23. Bxa6 Rxc1+ 24. Rxc1 Rxa6 25. Rc8+ Bf8 26. h3 Rxa2
27. Be5 Qe1+ 28. Kh2 Qxe5+ 29. g3 Rxf2+ 30. Kh1 Qe1# 0-1

[Event "New Zealand Open Ch'p 2015"]
[Site "Devonport, Auckland"]
[Date "2015.01.01"]
[Round "1.50"]
[White "Jackson, L Ross"]
[Black "Yuan, Kimberley"]
[Result "1-0"]
[WhiteElo "1927"]
[BlackElo "1038"]
[PlyCount "105"]
[EventDate "2015.01.01"]
[EventType "swiss"]
[EventRounds "9"]
[SourceDate "2015.01.01"]

1. d4 d5 2. c4 e6 3. Nc3 Nf6 4. cxd5 exd5 5. Bg5 Be7 6. e3 O-O 7. Bd3 Nc6 8.
Bxf6 Bxf6 9. Qh5 h6 10. Qxd5 Bd7 11. Qe4 g6 12. O-O-O Rc8 13. Nd5 Be6 14. Nxf6+
Qxf6 15. d5 Bxd5 16. Qxd5 Rcd8 17. Qf3 Qxf3 18. Nxf3 Nb4 19. Bc4 a5 20. Ne5
Rxd1+ 21. Rxd1 Kg7 22. a3 Nc6 23. Nxc6 bxc6 24. Rd7 c5 25. Rxc7 a4 26. Rxc5 f6
27. Rc7+ Kh8 28. Ra7 Rc8 29. Rxa4 Rf8 30. Ra6 g5 31. g4 Rc8 32. b3 Rf8 33. f3
h5 34. gxh5 Kh7 35. Ra7+ Kh8 36. Rf7 Rg8 37. Rxf6 Rg7 38. Rh6+ Rh7 39. Rxh7+
Kxh7 40. a4 Kh6 41. Bf7 Kg7 42. Bg6 g4 43. fxg4 Kf6 44. h4 Kg7 45. g5 Kh8 46.
a5 Kg7 47. a6 Kf8 48. a7 Ke7 49. a8=Q Kd6 50. Be4 Kc5 51. Qd5+ Kb4 52. Kc2 Ka3
53. Qa5# 1-0

[Event "New Zealand Open Ch'p 2015"]
[Site "Devonport, Auckland"]
[Date "2015.01.01"]
[Round "1.51"]
[White "Barry, Jacob"]
[Black "Louie, Ryan"]
[Result "0-1"]
[WhiteElo "965"]
[BlackElo "1927"]
[PlyCount "56"]
[EventDate "2015.01.01"]
[EventType "swiss"]
[EventRounds "9"]
[SourceDate "2015.01.01"]

1. e4 c5 2. Nc3 Nc6 3. f4 g6 4. g3 Bg7 5. b3 d6 6. Bb2 Nf6 7. Bg2 Bg4 8. Nf3
Nxe4 9. Rb1 Nf6 10. h3 Bd7 11. O-O O-O 12. Kh2 a6 13. a3 Rc8 14. d3 d5 15. Re1
e6 16. Na2 Qc7 17. c3 b6 18. Kg1 Nh5 19. Kh2 e5 20. Ng5 exf4 21. Bxd5 fxg3+ 22.
Kg1 Nf4 23. Bg2 h6 24. Nf3 Bxh3 25. Bxh3 Nxh3+ 26. Kg2 Nf4+ 27. Kg1 Rcd8 28.
Bc1 Nxd3 0-1

[Event "New Zealand Open Ch'p 2015"]
[Site "Devonport, Auckland"]
[Date "2015.01.01"]
[Round "1.52"]
[White "Power, P Wayne"]
[Black "Li, Leo Xiang Yu"]
[Result "1-0"]
[WhiteElo "1926"]
[BlackElo "955"]
[PlyCount "47"]
[EventDate "2015.01.01"]
[EventType "swiss"]
[EventRounds "9"]
[SourceDate "2015.01.01"]

1. d4 d5 2. c4 dxc4 3. e3 Nf6 4. Bxc4 e6 5. Nf3 b6 6. O-O Bb7 7. Nc3 Bd6 8. Qc2
Ng4 9. e4 c6 10. e5 Bc7 11. h3 Nh6 12. Bg5 Qd7 13. Bxh6 gxh6 14. Ne4 Kd8 15.
Nf6 Qe7 16. Qd2 Nd7 17. Qxh6 Nxf6 18. exf6 Qb4 19. Qg7 Re8 20. Bb3 Kd7 21.
Qxf7+ Kd8 22. Ne5 Bxe5 23. dxe5 Bc8 24. Rfd1+ 1-0

[Event "New Zealand Open Ch'p 2015"]
[Site "Devonport, Auckland"]
[Date "2015.01.01"]
[Round "1.53"]
[White "Ryu, Rosa"]
[Black "D`arcy, Michael"]
[Result "0-1"]
[WhiteElo "684"]
[BlackElo "1916"]
[PlyCount "72"]
[EventDate "2015.01.01"]
[EventType "swiss"]
[EventRounds "9"]
[SourceDate "2015.01.01"]

1. e4 c5 2. Nc3 a6 3. f4 Nc6 4. Bc4 e6 5. Nf3 b5 6. Nxb5 axb5 7. Bxb5 Bb7 8.
O-O Nf6 9. e5 Nd5 10. d3 Be7 11. c4 Nc7 12. Bd2 O-O 13. Bxc6 Bxc6 14. a4 d5 15.
Qc2 Qd7 16. b3 Rfd8 17. Rac1 dxc4 18. bxc4 Qxd3 19. Qxd3 Rxd3 20. Be1 Rxa4 21.
Rb1 Ra8 22. Rb6 Bxf3 23. gxf3 g6 24. h4 h5 25. Rb7 Bd8 26. Rb2 Rd4 27. Rd2 Rxd2
28. Bxd2 Bxh4 29. Kh2 Ra2 30. Kh3 Rxd2 31. Rh1 Be7 32. Rg1 Ne8 33. f5 exf5 34.
Re1 Ng7 35. e6 Bd6 36. Ra1 Rh2# 0-1